| 000 | 02754cam a22004814a 4500 | ||
|---|---|---|---|
| 001 | 14954790 | ||
| 005 | 20080312131650.0 | ||
| 007 | co |g||||||||| | ||
| 008 | 070803s2008 paua b 001 0 eng | ||
| 010 | _a 2007032105 | ||
| 020 | _a9781582556949 (alk. paper) | ||
| 020 | _a1582556946 (alk. paper) | ||
| 035 | _a(OCoLC)ocn163604790 | ||
| 035 |
_a(OCoLC)163604790 _z(OCoLC)154670413 |
||
| 040 |
_aDNLM/DLC _cDLC _dYDX _dBAKER _dBTCTA _dYDXCP _dDLC |
||
| 042 | _apcc | ||
| 050 | 1 | 0 |
_aRT52 _b.S77 2008 |
| 082 |
_220 _a610 _bSTR |
||
| 245 | 0 | 0 | _aStraight A's in medical-surgical nursing. |
| 246 | 3 | 0 | _aMedical-surgical nursing |
| 250 | _a2nd ed. | ||
| 260 |
_aPhiladelphia, Pa. : _bWolters Kluwer Health/Lippincott Williams & Wilkins, _cc2008. |
||
| 300 |
_aix, 501 p. : _bill. ; _c26 cm. + _e1 CD-ROM (4 3/4 in.) |
||
| 490 | 0 | _aStraight A's | |
| 504 | _aIncludes bibliographical references (p. 492) and index. | ||
| 505 | 0 | _aCardiovascular system -- Respiratory system -- Nervous system -- Sensory system : eyes and ears -- Gastrointestinal system -- Endocrine system -- Renal and urologic system -- Musculoskeletal system -- Integumentary system -- Hematologic and lymphatic systems. | |
| 538 | _aSystem requirements: Pentium 4; 512 MB RAM, 10 MB of free hard-disk space; Windows XP-Home edition, SVGA monitor with high color (16-bit), CD-ROM drive, mouse. | ||
| 650 | 0 |
_aNursing _vOutlines, syllabi, etc. |
|
| 650 | 0 |
_aNursing _vExaminations, questions, etc. |
|
| 650 | 0 |
_aSurgical nursing _vOutlines, syllabi, etc. |
|
| 650 | 0 |
_aSurgical nursing _vExaminations, questions, etc. |
|
| 650 | 2 |
_aNursing Care _vExamination Questions. |
|
| 650 | 2 |
_aPerioperative Nursing _vExamination Questions. |
|
| 710 | 2 | _aLippincott Williams & Wilkins. | |
| 856 | 4 | 2 |
_3Publisher description _uhttp://www.loc.gov/catdir/enhancements/fy0743/2007032105-d.html |
| 856 | 4 | 1 |
_3Table of contents only _uhttp://www.loc.gov/catdir/enhancements/fy0811/2007032105-t.html |
| 942 |
_2ddc _cBB |
||
| 999 |
_c10855 _d10855 |
||